000 00395nam a22001697a 4500
005 20160630115730.0
008 160630b xxu||||| |||| 00| 0 eng d
020 _a978-93-5014-272-1
041 _aeng
082 _b13950
100 _aSikka, V B
_93296
245 _aCivil engineering Drawing
260 _bKatson
_c2012
300 _a547
650 _aDiploma Engineering
_9817
942 _cBK
999 _c4910
_d4908